First insights into business and informatics

Uložené v:
Podrobná bibliografia
Hlavný autor: Stradiotová, Eva, 1963-
Korporativný autor: Ekonomická univerzita v Bratislave. Fakulta aplikovaných jazykov
Ďalší autori: Kurdelová, Ľubica, Meľsitová, Jolana, Halašová, Darina, 1954-, Solenská, Emília
Médium: Kniha
Jazyk:English
Vydavateľské údaje: Bratislava Vydavateľstvo EKONÓM 2011
Vydanie:1. vyd.
Predmet:
Tagy: Pridať tag
Žiadne tagy, Buďte prvý, kto otaguje tento záznam!

MARC

LEADER 00000nam a2200000 4500
001 0147293
005 20240502072648.6
020 |a 978-80-225-3371-3 
041 0 |a eng 
044 |a SK 
245 1 0 |a First insights into business and informatics  |c Eva Stradiotová, Ľubica Kurdelová, Jolana Meľsitová 
250 |a 1. vyd. 
264 1 |a Bratislava  |b Vydavateľstvo EKONÓM  |c 2011 
300 |a 129 s. [8,789 AH] 
610 2 0 |a jazykoveda 
610 2 0 |a terminológia 
610 2 0 |a jazyky cudzie 
610 2 0 |a angličtina 
610 2 0 |a obchod 
610 2 0 |a informatika 
610 2 0 |a podnikanie 
100 1 |a Stradiotová, Eva, 1963- 
700 1 |a Kurdelová, Ľubica 
700 1 |a Meľsitová, Jolana 
700 1 |a Halašová, Darina, 1954- 
700 1 |a Solenská, Emília 
710 2 |a Ekonomická univerzita v Bratislave. Fakulta aplikovaných jazykov